000 01302nam1a2200397 i 4500
001 RU\NLR\bibl\1502820
005 20260406141518.0
010 _a978-5-904656-40-9
035 _a(NLR Aleph) 001494265
090 _a1779157
_c1779157
100 _a20100421g20109999u y0rusy50 ca
101 1 _arus
_cfre
102 _aRU
105 _a||||z |||||
200 1 _aСобрание сочинений
_eв 10 т.
_e[перевод с французского]
_fЖюль Верн
_g[вступ. ст. С. Чумакова]
210 _aМосква
_cКнижный Клуб Книговек
_cЛитература
_d2010
215 _d21
311 _aЛитературное приложение "Огонек"
422 0 _12001#$aОгонек
_tОгонек
463 0 _10011494285
463 0 _10011496165
463 0 _10011493998
463 0 _10011494021
463 0 _10011493988
463 0 _10011493861
463 0 _10011498203
463 0 _10011498204
463 0 _10011498197
463 0 _10011494004
686 _aШ6(4Фр)57я44{Лх1647-40}
700 1 _4070
_8rus
_7ca
_aВерн
_bЖ.
_f1828-1905
_gЖюль
_3RU\NLR\auth\773453
_9113449
801 0 _aRU
_bNLR
_c20100421
_gRCR
801 1 _aRU
_bNLR
_c20100421
852 _aNLR
_j2010-3/10843
942 _cBOOK